Guess The Movie From One Shot #1 - Statistics

General Stats
  • This quiz has been taken 854 times
  • The average score is 7 of 15
Answer Stats
Picture Answer % Correct
La La Land
95%
Once Upon A Time In Hollywood
69%
Whiplash
67%
A Star Is Born
60%
Midsommar
58%
Little Women
53%
Sully
47%
Her
46%
Zodiac
42%
Dunkirk
41%
The Imitation game
40%
Split
37%
Arrival
34%
Gone Girl
32%
Rush
27%
No matching quizzes found
Score Distribution
Percent of People with Each Score
Percentile by Number Answered
Your Score History
You have not taken this quiz